000 00867nam a2200289Ia 4500
003 OSt
005 20221005061047.0
006 a|||||r|||| 00| 0
007 ta
008 221004b |||||||| |||| 00| 0 eng d
020 _a9781138931367 (pbk)
_cUKP 30.99
024 _a42978
037 _b2995, 18/01/2019, The Book Seller
_cTextual
040 _aCRL
_cCRL
_beng
041 _2eng
_aeng
082 _aY:45:5'P1, Q2;Q8
100 _aJackson Richard Ed.
245 0 _aContemporary debates on terrorism
250 _a2nd
260 _aLondon
_bRoutledge UK
_c2018
300 _axxv,292p.
_ccm.
650 _a TERRORISM
650 _aSOCIOLOGY
700 _a Pisoiu Daniela Ed.
_930500
942 _hY:45:5'P1, Q2;Q8
_cTEXL
_2cc
999 _c967640
_d967640